000
00298nam a2200121Ia 4500
008
190216s9999||||xx |||||||||||||| ||und||
100
_a
Gupta R K & Malik
245
0
_a
Practical Vertebrate Zoology
260
_b
Pragathi Prakashan
_c
1971
300
_a
316p
650
_a
Zoology
942
_c
BK
999
_c
37888
_d
37888